[Event "Montevideo La Proa op 1st"]
[Site "Montevideo"]
[Date "2017.10.04"]
[Round "2"]
[White "Araujo, Daniel"]
[Black "Leites, Pablo"]
[Result "0-1"]
[WhiteElo "1567"]
[BlackElo "1677"]
[PlyCount "63"]
[EventDate "2017.09.27"]
[EventType "swiss"]
[EventRounds "5"]
[EventCountry "URU"]
[SourceTitle "EXT 2019"]
[Source "ChessBase"]
[SourceDate "2018.10.10"]
[SourceVersion "1"]
[SourceVersionDate "2018.10.10"]
[SourceQuality "1"]

1. d4 d5 2. c4 e6 3. cxd5 exd5 4. Nc3 Nf6 5. e3 Bf5 6. Nf3 Nbd7 7. Be2 Bb4 8. a3 Bxc3+ 9. bxc3 0-0 10. Nh4 Be6 11. Qb3 b6 12. c4 c5 13. Nf3 Ne4 14. cxd5 Bg4 15. 0-0 Ndf6 16. dxc5 Nxc5 17. Qc2 Qxd5 18. Rd1 Qb3 19. Qc4 Bxf3 20. Qxb3 Nxb3 21. Bxf3 Nxa1 22. Bxa8 Rxa8 23. Rd3 Rc8 24. Bb2 Kf8 25. Kf1 Ke7 26. Bc3 Ke6 27. Ke2 Nb3 28. Kf3 Nc5 29. Bxf6 Nxd3 30. Bxg7 Rc2 31. e4 Nxf2 32. Bd4 0-1